000 00860nam a22002177a 4500
999 _c4980
_d4980
003 AR-CdUCM
008 190311b ||||| |||| 00| 0 spa d
020 _a84-313-0634-3
040 _aMUNICIPALIDAD PROVINCIAL DEL CUSCO
_cBIBLIOTECA MUNICIPAL DEL CUSCO
082 _a194 /
_bEC14
100 _aEchauri, Raúl
_915255
245 _aEl pensamiento de Etienne Gilson /
260 _aPamplona - España :
_bUniversidad de Navarra,
_c1980.
300 _a243 páginas ;
_bretrato,
_c21 cm.
505 _aContenido: La doctrina del ser en Santo Tomás -- La antropología Tomista -- El realismo filosófico -- La filosofía Cristiana -- La restauración de la filosofía medieval -- Escolástica y pensamiento moderno ...
650 _aFilosofía francesa
_915256
650 _aSiglo XX
_98
650 _aTeología
_93537
942 _2ddc
_cLIBROS
945 _aachl